000
00279nam a22001337a 4500
008
170612b xxu||||| |||| 00| 0 eng d
020
_a
9780801871160
041
_a
eng
080
_a
93
100
_a
19
101
_a
SHH
245
_a
COCAINE
_c
SPILLANE, J.F
942
_2
udc
_c
BK
999
_c
16855
_d
16855